Normal view
MARC view
Entry Topical Term
001 - CONTROL NUMBER
- control field: 84214
003 - CONTROL NUMBER IDENTIFIER
- control field: dpl
005 - DATE AND TIME OF LATEST TRANSACTION
- control field: 20250821160921.0
008 - FIXED-LENGTH DATA ELEMENTS
- fixed length control field: 250821|| aca||aabn | a|a d
040 ## - CATALOGING SOURCE
- Original cataloging agency: dpl
- Transcribing agency: dpl
150 ## - HEADING--TOPICAL TERM
- Topical term or geographic name as entry element: लघु कथाएँ, हिन्दी
670 ## - SOURCE DATA FOUND
- Source citation: Work cat.: (dpl)27747: मिश्र, भगवतीशरण 84213, कैलाशपति शिव :, 2009
